Avez-vous une bonne mémoire verbale ? - Statistiques

Statistiques générales
  • Ce quiz a été pris 154 842 fois
  • Le résultat moyen est 79 sur 100
Statistiques - réponses
Hint Réponse % Correct
Hégémonie NOUVEAU
95%
Dévoué NOUVEAU
94%
Avertissement NOUVEAU
94%
Forêt NOUVEAU
92%
Évaluation NOUVEAU
91%
Concordat NOUVEAU
89%
Miraculeusement NOUVEAU
89%
Péquenaud NOUVEAU
89%
Occasionnel NOUVEAU
88%
Chouïa NOUVEAU
87%
Phi NOUVEAU
87%
Rêvasser NOUVEAU
86%
Délier NOUVEAU
86%
Corne NOUVEAU
86%
Aileron NOUVEAU
86%
Embrumé NOUVEAU
85%
Courtisanes NOUVEAU
85%
Péquenaud DÉJÀ VU
84%
Forêt DÉJÀ VU
84%
Perforé NOUVEAU
84%
Acide NOUVEAU
84%
Œcuménisme NOUVEAU
84%
Embrumé DÉJÀ VU
83%
Cruelle DÉJÀ VU
83%
Anneau NOUVEAU
83%
Festivités NOUVEAU
83%
Cruelle NOUVEAU
83%
Antiquaire NOUVEAU
83%
Kanji NOUVEAU
83%
Miraculeusement DÉJÀ VU
82%
Soulagement NOUVEAU
82%
Limpidité NOUVEAU
82%
Paraplégique NOUVEAU
82%
Brouette NOUVEAU
82%
Expansionniste NOUVEAU
82%
Forêt DÉJÀ VU
81%
Rêvasser DÉJÀ VU
81%
Rêvasser DÉJÀ VU
81%
Cruelle DÉJÀ VU
81%
Paraplégique DÉJÀ VU
81%
Cruelle DÉJÀ VU
81%
Avertissement DÉJÀ VU
81%
Antichambres NOUVEAU
81%
Béant NOUVEAU
81%
Sédiment NOUVEAU
81%
Chouïa DÉJÀ VU
80%
Avertissement DÉJÀ VU
80%
Dévoué DÉJÀ VU
80%
Courtisanes DÉJÀ VU
80%
Bottes NOUVEAU
80%
Bleuie NOUVEAU
80%
Rarissime NOUVEAU
80%
Magnanime NOUVEAU
80%
Tierce NOUVEAU
80%
Festivités DÉJÀ VU
79%
Limpidité DÉJÀ VU
79%
Humanoïde DÉJÀ VU
79%
Épouvantail NOUVEAU
79%
Humanoïde NOUVEAU
79%
Vainqueur NOUVEAU
79%
Diviseur NOUVEAU
79%
Nauséabond NOUVEAU
79%
Institutionnalisation NOUVEAU
79%
Brouette DÉJÀ VU
78%
Aquarium NOUVEAU
78%
Données NOUVEAU
78%
Péquenaud DÉJÀ VU
77%
Épouvantail DÉJÀ VU
77%
Prophétie NOUVEAU
77%
Occasionnel DÉJÀ VU
76%
Esprit NOUVEAU
76%
Partition NOUVEAU
76%
Câbles NOUVEAU
76%
Bleuie DÉJÀ VU
75%
Aspirateur NOUVEAU
75%
Avertissement DÉJÀ VU
74%
Cruelle DÉJÀ VU
74%
Dévoué DÉJÀ VU
74%
Corne DÉJÀ VU
74%
Occasionnel DÉJÀ VU
73%
Brouette DÉJÀ VU
73%
Paraplégique DÉJÀ VU
73%
Évaluation DÉJÀ VU
73%
Adopter NOUVEAU
73%
Debout NOUVEAU
73%
Courtisanes DÉJÀ VU
72%
Détaler NOUVEAU
72%
Ascendant NOUVEAU
72%
Évaluation DÉJÀ VU
71%
Aileron DÉJÀ VU
71%
Détaler DÉJÀ VU
71%
Prophétie DÉJÀ VU
71%
Corset NOUVEAU
71%
Mémoire NOUVEAU
69%
Cornemuse NOUVEAU
69%
Embrumé DÉJÀ VU
67%
Limpidité DÉJÀ VU
66%
Aquarium DÉJÀ VU
63%
Anneau DÉJÀ VU
63%
Expansionniste DÉJÀ VU
57%
Aucun quiz correspondant
Distribution des résultats
% des personnes avec chaque résultat
Percentile par nombre de réponses
Votre historique - résultats
Vous n’avez pas pris ce quiz